[Event "31st ECC Women 2015"]
[Site "Skopje MKD"]
[Date "2015.10.18"]
[Round "1.1"]
[Board "3"]
[White "Javakhishvili, Lela"]
[Black "Gueci, Tea"]
[Result "1-0"]
[WhiteTitle "IM"]
[BlackTitle "WFM"]
[WhiteElo "2463"]
[BlackElo "2110"]
[WhiteTeam "NONA (GEO)"]
[BlackTeam "ASD CIRCOLO SCACCHI R.FISCHER CHIETI (IT"]
[WhiteFideId "13601458"]
[BlackFideId "872342"]
[EventDate "2015.10.18"]
[EventType "team"]

1. d4 Nf6 2. c4 c5 3. d5 e6 4. Nc3 exd5 5. cxd5 d6 6. Nf3 g6 7. Bf4 Bg7 8. Qa4+
Bd7 9. Qb3 Qc7 10. e4 O-O 11. Nd2 Re8 12. Be2 Na6 13. O-O Rad8 14. Rfe1 Bc8 15.
Nb5 Qe7 16. Nxa7 Nb8 17. Bb5 Bd7 18. Nc4 Bxb5 19. Nxb5 Nxe4 20. Nbxd6 Qf6 21.
Nxe8 Rxe8 22. Qf3 1-0

[Event "31st ECC Women 2015"]
[Site "Skopje MKD"]
[Date "2015.10.18"]
[Round "1.2"]
[Board "3"]
[White "Bogdan, Ekaterina"]
[Black "Girya, Olga"]
[Result "0-1"]
[BlackTitle "WGM"]
[WhiteElo "2064"]
[BlackElo "2464"]
[WhiteTeam "BOSSA NOVA (BLR)"]
[BlackTeam "SHSM LEGACY SQUARE (RUS)"]
[WhiteFideId "13502638"]
[BlackFideId "4195752"]
[EventDate "2015.10.18"]
[EventType "team"]

1. d4 Nf6 2. c4 e6 3. g3 Bb4+ 4. Nd2 c5 5. a3 Bxd2+ 6. Qxd2 cxd4 7. Nf3 b6 8.
Bg2 Bb7 9. O-O Bxf3 10. Bxf3 Nc6 11. b4 Rc8 12. Rd1 O-O 13. Qc2 d5 14. Qa4 Ne5
15. cxd5 Nxf3+ 16. exf3 Qxd5 17. Bb2 e5 18. f4 Ng4 19. Rd2 exf4 20. Rxd4 Qh5 21.
h4 fxg3 22. fxg3 Ne3 23. Rf4 Rc2 24. Rf2 Qg6 25. Rf3 Rg2+ 26. Kh1 Qg4 0-1

[Event "31st ECC Women 2015"]
[Site "Skopje MKD"]
[Date "2015.10.18"]
[Round "1.2"]
[Board "4"]
[White "Kashlinskaya, Alina"]
[Black "Kaliadzich, Maryia"]
[Result "1-0"]
[WhiteTitle "IM"]
[WhiteElo "2448"]
[BlackElo "2096"]
[WhiteTeam "SHSM LEGACY SQUARE (RUS)"]
[BlackTeam "BOSSA NOVA (BLR)"]
[WhiteFideId "4198026"]
[BlackFideId "13500015"]
[EventDate "2015.10.18"]
[EventType "team"]

1. d4 d5 2. c4 c6 3. Nf3 Nf6 4. Nc3 e6 5. Bg5 dxc4 6. e4 h6 7. Bxf6 Qxf6 8. Bxc4
Nd7 9. e5 Qd8 10. O-O Be7 11. Qe2 O-O 12. Qe4 Re8 13. Rad1 Nf8 14. h4 Rb8 15.
Qg4 Qa5 16. Ne4 Qd8 17. Ng3 Ng6 18. Bd3 Nxh4 19. Nxh4 Bxh4 20. Nh5 Bg5 21. f4
Qxd4+ 22. Kh1 Kf8 23. Bg6 Qb4 24. fxg5 Qxg4 25. Rxf7+ Kg8 26. Rxg7+ 1-0

[Event "31st ECC Women 2015"]
[Site "Skopje MKD"]
[Date "2015.10.18"]
[Round "1.3"]
[Board "2"]
[White "Dengler, Dijana"]
[Black "Goryachkina, Aleksandra"]
[Result "0-1"]
[WhiteTitle "WFM"]
[BlackTitle "WGM"]
[WhiteElo "2075"]
[BlackElo "2480"]
[WhiteTeam "MIDLAND MONARCHS (ENG)"]
[BlackTeam "GAMBIT ASSEKO SEE (MKD)"]
[WhiteFideId "14400081"]
[BlackFideId "4147103"]
[EventDate "2015.10.18"]
[EventType "team"]

1. d4 Nf6 2. Bg5 d5 3. e3 h6 4. Bxf6 exf6 5. Bd3 Bd6 6. Ne2 O-O 7. Ng3 Re8 8.
O-O Nc6 9. c3 Ne7 10. Nd2 f5 11. Qc2 g6 12. c4 f4 13. exf4 Bxf4 14. Nf3 dxc4 15.
Bxc4 Nf5 16. Rad1 Kg7 17. Ne2 Bd6 18. Nc3 Be6 19. Bd3 c6 20. Rfe1 Bc7 21. Be4
Rc8 22. Qa4 b5 23. Qc2 Bb6 24. Qd2 Nd6 25. Bxc6 Nc4 26. Qc1 Rxc6 27. d5 Bxd5 28.
Rxd5 Rxe1+ 29. Qxe1 Qf6 30. Rxb5 a6 31. Rb3 Qf5 32. h3 Qc2 33. Qd1 Qxd1+ 34.
Nxd1 Rd6 35. Nc3 Ba5 36. Ne4 Rd1+ 37. Kh2 Rb1 38. Nc5 Rxb2 39. Rxb2 Nxb2 40.
Nxa6 Nd3 41. Nd4 Bb6 42. Nb3 Bxf2 43. g4 Kf6 44. Kg2 Ke5 45. Kf3 Bg1 46. Nc7 Nb2
47. Nb5 f5 48. gxf5 gxf5 49. Nc3 Nc4 50. Ne2 Bb6 51. Nc3 Ke6 52. Ne2 Ne5+ 53.
Kg2 Kd5 54. Ng3 f4 55. Nf5 f3+ 56. Kf1 Ke4 57. Nxh6 Nc4 58. Ng4 Kf4 59. Nf2 Ne3+
60. Ke1 Kg3 61. Ne4+ Kg2 62. a4 Nc4 63. a5 Be3 64. h4 Nd6 65. Nbd2 Bxd2+ 66.
Nxd2 f2+ 67. Ke2 Ne4 68. Nf1 Nc3+ 69. Kd3 Kxf1 70. Kxc3 Ke2 71. Kb4 f1=Q 72. Kb5
Ke3+ 73. Kb6 Qf6+ 74. Kb7 Qe7+ 75. Kb6 Qd6+ 76. Kb7 Qb4+ 77. Ka6 Kd4 78. h5 Kc5 0-1

[Event "31st ECC Women 2015"]
[Site "Skopje MKD"]
[Date "2015.10.18"]
[Round "1.3"]
[Board "3"]
[White "Saduakassova, Dinara"]
[Black "Manelidou, Maria"]
[Result "1-0"]
[WhiteTitle "WGM"]
[WhiteElo "2402"]
[BlackElo "2074"]
[WhiteTeam "GAMBIT ASSEKO SEE (MKD)"]
[BlackTeam "MIDLAND MONARCHS (ENG)"]
[WhiteFideId "13700090"]
[BlackFideId "4212240"]
[EventDate "2015.10.18"]
[EventType "team"]

1. Nf3 d5 2. d4 c6 3. c4 Nf6 4. e3 Bf5 5. Nc3 e6 6. Nh4 Bg6 7. Nxg6 hxg6 8. Bd3
Qc7 9. h3 Nbd7 10. Bd2 dxc4 11. Bxc4 e5 12. Rc1 Nb6 13. Bb3 Rd8 14. Qf3 Bb4 15.
Qg3 Nbd7 16. O-O Qd6 17. Rfe1 Qe7 18. Bc2 Bd6 19. Qf3 Nh7 20. Ne4 Bb8 21. dxe5
Nxe5 22. Qe2 Qh4 23. f4 Nd7 24. Bb4 Ndf6 1-0

[Event "31st ECC Women 2015"]
[Site "Skopje MKD"]
[Date "2015.10.18"]
[Round "1.3"]
[Board "4"]
[White "Keen, Cosima"]
[Black "Davletbayeva, Madina"]
[Result "0-1"]
[BlackTitle "WIM"]
[WhiteElo "1986"]
[BlackElo "2257"]
[WhiteTeam "MIDLAND MONARCHS (ENG)"]
[BlackTeam "GAMBIT ASSEKO SEE (MKD)"]
[WhiteFideId "423050"]
[BlackFideId "13703595"]
[EventDate "2015.10.18"]
[EventType "team"]

1. d4 Nf6 2. Nf3 e6 3. Bf4 d5 4. e3 Bd6 5. Bxd6 Qxd6 6. c3 Nbd7 7. Nbd2 O-O 8.
Bd3 e5 9. dxe5 Nxe5 10. Nxe5 Qxe5 11. Nf3 Qh5 12. O-O c6 13. Be2 Qh6 14. Rc1 Be6
15. c4 Ne4 16. Nd4 Rad8 17. Nxe6 fxe6 18. Qd3 Qf6 19. f3 Nd6 20. c5 Nf5 21. b4
Qe5 22. e4 Nd4 23. Rfe1 dxe4 24. Qxe4 Qxe4 25. fxe4 Nxe2+ 26. Rxe2 Rd4 27. a3
Rfd8 28. Rce1 Kf7 29. e5 Kg6 30. g3 Rd3 31. Re3 Rd2 32. g4 R8d5 33. h4 a5 34.
Kf1 axb4 35. axb4 Rb2 36. Re4 Rdd2 37. g5 Kh5 38. Rf4 Rh2 39. Kg1 Rxh4 40. Rxh4+
Kxh4 0-1

[Event "31st ECC Women 2015"]
[Site "Skopje MKD"]
[Date "2015.10.18"]
[Round "1.4"]
[Board "2"]
[White "Mkrtchian, Lilit"]
[Black "Lahav, Michal"]
[Result "1-0"]
[WhiteTitle "IM"]
[WhiteElo "2445"]
[BlackElo "2015"]
[WhiteTeam "UGRA (RUS)"]
[BlackTeam "RISHON LEZION (ISR)"]
[WhiteFideId "13300601"]
[BlackFideId "2813742"]
[EventDate "2015.10.18"]
[EventType "team"]

1. c4 Nf6 2. Nf3 g6 3. Nc3 Bg7 4. g3 O-O 5. Bg2 c5 6. O-O Nc6 7. d4 cxd4 8. Nxd4
d6 9. Nxc6 bxc6 10. Bxc6 Rb8 11. Bg2 Be6 12. b3 Nd5 13. cxd5 Bxc3 14. Bh6 Bxa1
15. Qxa1 f6 16. dxe6 Re8 17. Bc6 Qa5 18. Bxe8 Rxe8 19. Be3 1-0

[Event "31st ECC Women 2015"]
[Site "Skopje MKD"]
[Date "2015.10.18"]
[Round "1.4"]
[Board "3"]
[White "Reprun, Nadejda"]
[Black "Guseva, Marina"]
[Result "0-1"]
[BlackTitle "IM"]
[WhiteElo "1969"]
[BlackElo "2411"]
[WhiteTeam "RISHON LEZION (ISR)"]
[BlackTeam "UGRA (RUS)"]
[WhiteFideId "2806843"]
[BlackFideId "4149351"]
[EventDate "2015.10.18"]
[EventType "team"]

1. e4 c6 2. d4 d5 3. e5 Bf5 4. Nf3 e6 5. Be2 Ne7 6. O-O Bg6 7. Nbd2 Nf5 8. Nb3
Nd7 9. a4 Be7 10. a5 O-O 11. Bd2 c5 12. Nxc5 Nxc5 13. dxc5 Bxc5 14. Bd3 Rc8 15.
Qe1 a6 16. Bb4 Nh4 17. Nxh4 Qxh4 18. Ra4 Bxd3 19. cxd3 Qd4 20. Bxc5 Qxa4 21.
Bxf8 Kxf8 22. b4 Qb3 23. Qd2 Qc3 24. Qxc3 Rxc3 25. Rd1 Rb3 26. Kf1 Ke7 27. Rc1
Kd7 28. Ke2 Rxb4 29. Ke3 h5 30. g3 Ra4 31. Rc5 h4 32. f4 Ra2 33. gxh4 Rxh2 34.
Rc1 Rxh4 35. Rb1 Kc7 36. Rc1+ Kb8 37. Rg1 g6 38. Rc1 Rh3+ 39. Ke2 Rh8 40. Ke3
Rc8 41. Rh1 Ka7 42. Kd4 b6 43. axb6+ Kxb6 44. Rb1+ Ka7 45. Ra1 Rc6 46. Rh1 a5
47. Ra1 Ka6 48. Rb1 Rc7 49. Rb8 a4 50. Ra8+ Kb5 51. Rb8+ Ka5 52. Ra8+ Kb4 53.
Rb8+ Ka3 54. Ra8 Kb3 55. Ra6 a3 0-1

[Event "31st ECC Women 2015"]
[Site "Skopje MKD"]
[Date "2015.10.18"]
[Round "1.4"]
[Board "4"]
[White "Kovanova, Baira"]
[Black "Federovski, Adi"]
[Result "1-0"]
[WhiteTitle "WGM"]
[WhiteElo "2376"]
[BlackElo "1913"]
[WhiteTeam "UGRA (RUS)"]
[BlackTeam "RISHON LEZION (ISR)"]
[WhiteFideId "4164083"]
[BlackFideId "2813777"]
[EventDate "2015.10.18"]
[EventType "team"]

1. e4 c5 2. Nf3 d6 3. d4 cxd4 4. Nxd4 Nf6 5. Nc3 g6 6. Be3 Bg7 7. f3 O-O 8. Qd2
Nc6 9. O-O-O d5 10. exd5 Nxd5 11. Nxc6 bxc6 12. Bd4 e5 13. Bc5 Be6 14. Ne4 Re8
15. h4 h5 16. g3 Rb8 17. Bc4 a5 18. Bb3 Bf8 19. Bxf8 Rxf8 20. c4 Nb4 21. Qh6 Qe7
22. Ng5 f6 23. Qxg6+ Kh8 24. Qxh5+ Kg8 25. Qg6+ Kh8 26. Rd6 Bg8 27. Qh6+ Bh7 28.
Qxh7+ Qxh7 29. Nxh7 Kxh7 30. a3 Nd5 31. Bc2+ 1-0

[Event "31st ECC Women 2015"]
[Site "Skopje MKD"]
[Date "2015.10.18"]
[Round "1.5"]
[Board "1"]
[White "Bodnaruk, Anastasia"]
[Black "Reppen, Ellisiv"]
[Result "1-0"]
[WhiteTitle "IM"]
[WhiteElo "2459"]
[BlackElo "2050"]
[WhiteTeam "SPB (RUS)"]
[BlackTeam "OSLO SCHAKSELSKAP (NOR)"]
[WhiteFideId "4181751"]
[BlackFideId "1504959"]
[EventDate "2015.10.18"]
[EventType "team"]

1. e4 e5 2. Nf3 Nc6 3. Bb5 a6 4. Ba4 Nf6 5. O-O Be7 6. Re1 b5 7. Bb3 d6 8. c3
O-O 9. h3 Na5 10. Bc2 c5 11. d4 Qc7 12. Nbd2 cxd4 13. cxd4 Bd7 14. Nf1 Rac8 15.
Ne3 Rfe8 16. b3 Bf8 17. Bb2 Nc6 18. Rc1 Qb8 19. dxe5 dxe5 20. Nd5 Be6 21. Bb1
Red8 22. Rxc6 Rxc6 23. Bxe5 Qc8 24. Bxf6 gxf6 25. Nxf6+ Kh8 26. Nd5 Bxh3 27. Ne5
Bxg2 28. Kxg2 Rc7 29. Qh5 Bd6 30. Nxc7 Rg8+ 31. Kf3 Bxc7 32. Nxf7+ Kg7 33. Rg1+
Kf6 34. e5+ Bxe5 35. Qxe5+ Kxf7 36. Qd5+ 1-0

[Event "31st ECC Women 2015"]
[Site "Skopje MKD"]
[Date "2015.10.18"]
[Round "1.5"]
[Board "2"]
[White "Johnsen, Sylvia"]
[Black "Ovod, Evgenija"]
[Result "0-1"]
[WhiteTitle "WFM"]
[BlackTitle "IM"]
[WhiteElo "1999"]
[BlackElo "2328"]
[WhiteTeam "OSLO SCHAKSELSKAP (NOR)"]
[BlackTeam "SPB (RUS)"]
[WhiteFideId "1500988"]
[BlackFideId "4131827"]
[EventDate "2015.10.18"]
[EventType "team"]

1. c4 c5 2. Nc3 Nf6 3. g3 e6 4. Bg2 d5 5. cxd5 exd5 6. d4 cxd4 7. Qxd4 Nc6 8.
Qa4 Bb4 9. Bd2 O-O 10. a3 Bc5 11. Qb5 Nd4 12. Qa4 Bf5 13. Rc1 Qb6 14. Nxd5 Nxd5
15. Bxd5 Rac8 16. Bc3 Nb5 17. e4 Bxf2+ 18. Kf1 Nxc3 19. bxc3 Be3 20. Rc2 Bg4 21.
Qb4 Bxg1 22. Rxg1 Bh3+ 23. Rgg2 Qe3 24. Qb2 Qf3+ 25. Kg1 Bxg2 26. Rf2 Qxc3 0-1

[Event "31st ECC Women 2015"]
[Site "Skopje MKD"]
[Date "2015.10.18"]
[Round "1.5"]
[Board "3"]
[White "Belenkaya, Dina"]
[Black "Tangelder, Yonne"]
[Result "1-0"]
[WhiteTitle "WFM"]
[WhiteElo "2352"]
[BlackElo "1904"]
[WhiteTeam "SPB (RUS)"]
[BlackTeam "OSLO SCHAKSELSKAP (NOR)"]
[WhiteFideId "24142654"]
[BlackFideId "1513575"]
[EventDate "2015.10.18"]
[EventType "team"]

1. e4 c5 2. Nf3 d6 3. Bb5+ Bd7 4. Bxd7+ Qxd7 5. O-O Nc6 6. Qe2 Nf6 7. Rd1 g6 8.
c3 Bg7 9. d4 cxd4 10. cxd4 d5 11. e5 Ne4 12. Be3 O-O 13. Ne1 f6 14. f3 Ng5 15.
Bxg5 fxg5 16. Nc3 Rf4 17. Qe3 b6 18. Ne2 Rf5 19. g4 Rff8 20. Qxg5 Rac8 21. Rac1
Rc7 22. Rc3 Rfc8 23. Rdc1 Nd8 24. Qe3 Ne6 25. Rxc7 Rxc7 26. Nc3 Qd8 27. Ng2 Rc4
28. Rd1 Qd7 29. h3 b5 30. Ne1 b4 31. Ne2 Qc8 32. f4 Bh6 33. Qf3 Qb7 34. h4 Nc7
35. f5 gxf5 36. gxf5 Qa6 37. Rd3 Kh8 38. Qg4 Qc8 39. Rg3 Nb5 40. b3 Rc7 41. Nd3
Nc3 42. Nef4 Qf8 43. Ne6 1-0

[Event "31st ECC Women 2015"]
[Site "Skopje MKD"]
[Date "2015.10.18"]
[Round "1.5"]
[Board "4"]
[White "Edakina, Anastasia"]
[Black "Azimova, Karina"]
[Result "0-1"]
[WhiteElo "1736"]
[BlackElo "2054"]
[WhiteTeam "OSLO SCHAKSELSKAP (NOR)"]
[BlackTeam "SPB (RUS)"]
[WhiteFideId "1507443"]
[BlackFideId "4108310"]
[EventDate "2015.10.18"]
[EventType "team"]

1. e4 Nf6 2. e5 Nd5 3. d4 d6 4. Nf3 Nb6 5. Bb5+ Bd7 6. Bxd7+ Qxd7 7. O-O g6 8.
Nc3 Bg7 9. Re1 O-O 10. Bf4 Nc6 11. Qe2 Qg4 12. Qe4 Rad8 13. exd6 exd6 14. Bg5
Qxe4 15. Rxe4 f6 16. Be3 d5 17. Rh4 Nc4 18. Nb5 Rd7 19. b3 Nd6 20. Nxd6 Rxd6 21.
c3 Ne7 22. Bd2 Nf5 23. Rh3 Re6 24. Re1 Rfe8 25. Kf1 Nd6 26. Ng1 Ne4 27. Be3 Nxc3
28. Ra1 f5 29. Nf3 Ne4 30. Ne5 Bxe5 31. dxe5 Rxe5 32. Rd1 c6 33. Bf4 R5e6 34.
Re3 g5 35. Bc7 f4 36. Red3 b6 37. Rc1 R6e7 0-1

[Event "31st ECC Women 2015"]
[Site "Skopje MKD"]
[Date "2015.10.18"]
[Round "1.6"]
[Board "1"]
[White "Len, Irina"]
[Black "Haast, Anne"]
[Result "1-0"]
[WhiteTitle "WFM"]
[BlackTitle "WGM"]
[WhiteElo "2127"]
[BlackElo "2384"]
[WhiteTeam "HEZLIYA CHESS CLUB (ISR)"]
[BlackTeam "DE STUKKENJAGERS (NED)"]
[WhiteFideId "2805715"]
[BlackFideId "1017292"]
[EventDate "2015.10.18"]
[EventType "team"]

1. d4 Nf6 2. c4 g6 3. Nc3 Bg7 4. e4 d6 5. f3 O-O 6. Be3 c5 7. dxc5 dxc5 8. Qxd8
Rxd8 9. Bxc5 Nc6 10. Rd1 Rxd1+ 11. Kxd1 b6 12. Be3 e6 13. c5 bxc5 14. Bxc5 Nd7
15. Be3 Nb6 16. Nh3 Bb7 17. Nf2 Ne5 18. Kc2 Nec4 19. Bc1 Rc8 20. Nfd1 a5 21. b3
Ne5 22. Be3 Nbd7 23. Bb5 Nc6 24. Kb2 f5 25. Kb1 Kf7 26. exf5 gxf5 27. Re1 Bf6
28. Re2 Nf8 29. Rd2 Ne5 30. Na4 Nfg6 31. Bb6 Nh4 32. Bf1 Bc6 33. Nab2 Nhxf3 34.
gxf3 Nxf3 35. Rf2 Ne1 36. Rd2 Be4+ 37. Nd3 Bg5 38. Be3 1-0

[Event "31st ECC Women 2015"]
[Site "Skopje MKD"]
[Date "2015.10.18"]
[Round "1.6"]
[Board "2"]
[White "De Jong-Muhren, Bianca"]
[Black "Yakovleva, Tatiana"]
[Result "1-0"]
[WhiteTitle "WGM"]
[WhiteElo "2300"]
[BlackElo "1966"]
[WhiteTeam "DE STUKKENJAGERS (NED)"]
[BlackTeam "HEZLIYA CHESS CLUB (ISR)"]
[WhiteFideId "1008498"]
[BlackFideId "2802449"]
[EventDate "2015.10.18"]
[EventType "team"]

1. e4 c6 2. d4 d5 3. Nc3 dxe4 4. Nxe4 Bf5 5. Ng3 Bg6 6. Nh3 e6 7. Nf4 Nf6 8. c3
Nd5 9. Nxg6 hxg6 10. Bd3 Bd6 11. Qf3 Nd7 12. Ne4 Be7 13. Qg3 N7f6 14. Bd2 Nxe4
15. Bxe4 Qd6 16. Qxd6 Bxd6 17. g3 O-O-O 18. O-O-O Rh3 19. Bg2 Rh5 20. h4 Nb6 21.
Kb1 Nc4 22. Bg5 f6 23. Bc1 Rhh8 24. Bh3 f5 25. Rhe1 Rde8 26. Bf1 Nb6 27. c4 Bc7
28. f4 Nd7 29. Bg2 Nf6 30. Bd2 Bd6 31. Bc3 Re7 32. b4 Rhe8 33. Kc2 a6 34. a4 Nd7
35. Rb1 Nf6 36. b5 axb5 37. axb5 c5 38. Ra1 Nd7 39. Ra8+ Bb8 40. dxc5 Nxc5 41.
Be5 Nd7 42. Bd6 Rf7 43. c5 Rf6 44. Re5 Nxe5 1-0

[Event "31st ECC Women 2015"]
[Site "Skopje MKD"]
[Date "2015.10.18"]
[Round "1.6"]
[Board "3"]
[White "Haitovich, Avital"]
[Black "Lanchava, Tea"]
[Result "0-1"]
[BlackTitle "IM"]
[WhiteElo "1929"]
[BlackElo "2276"]
[WhiteTeam "HEZLIYA CHESS CLUB (ISR)"]
[BlackTeam "DE STUKKENJAGERS (NED)"]
[WhiteFideId "2800306"]
[BlackFideId "1005308"]
[EventDate "2015.10.18"]
[EventType "team"]

1. e4 g6 2. d4 Bg7 3. Nc3 a6 4. Be3 b5 5. h4 h5 6. Nh3 Bb7 7. Ng5 f6 8. Nh3 b4
9. Nd5 e6 10. Nxb4 Bxe4 11. Bd3 Bxd3 12. Qxd3 Ne7 13. Nf4 f5 14. Qe2 c5 15. Qf3
Ra7 16. dxc5 Bxb2 17. c6 Bc3+ 18. Ke2 Bxb4 19. Bxa7 Nbxc6 20. Qe3 e5 21. Nd3 Bc3
22. Rab1 O-O 23. Bb6 Qe8 24. Rb3 f4 25. Qe4 d5 26. Qf3 e4 27. Qh3 exd3+ 28. Kxd3
d4 29. Qe6+ Kg7 30. Bc5 Rf6 31. Qe4 Rf5 32. Bxe7 Re5 33. Qf3 Rxe7 34. Qxf4 Ne5+
35. Ke4 Qa8+ 0-1

[Event "31st ECC Women 2015"]
[Site "Skopje MKD"]
[Date "2015.10.18"]
[Round "1.6"]
[Board "4"]
[White "Jap Tjoen San, Linda"]
[Black "Lian, Marina"]
[Result "1-0"]
[WhiteTitle "WIM"]
[WhiteElo "2183"]
[BlackElo "1858"]
[WhiteTeam "DE STUKKENJAGERS (NED)"]
[BlackTeam "HEZLIYA CHESS CLUB (ISR)"]
[WhiteFideId "1004026"]
[BlackFideId "2809680"]
[EventDate "2015.10.18"]
[EventType "team"]

1. c4 Nf6 2. g3 e6 3. Bg2 c5 4. Nf3 Be7 5. O-O O-O 6. d4 cxd4 7. Nxd4 d6 8. Nc3
a6 9. Qc2 Nbd7 10. Rd1 Qc7 11. b3 Ne5 12. Ba3 Rb8 13. h3 Bd7 14. Rac1 Rfc8 15.
Qd2 Be8 16. f4 Ned7 17. e3 Bf8 18. g4 Nc5 19. g5 Nh5 20. Qe2 g6 21. b4 Nd7 22.
Ne4 e5 23. fxe5 Nxe5 24. c5 dxc5 25. Nxc5 Qe7 26. h4 Nc6 27. Qf2 Rd8 28. Ne2 Qe5
29. Nf4 Ng7 30. Bb2 Qc7 31. a3 Nf5 32. Nd5 Rxd5 33. Rxd5 Qe7 34. e4 Ng7 35. Bf6
Qc7 36. Rf1 a5 37. Bc3 axb4 38. axb4 Ra8 39. e5 b6 40. Nd7 1-0

[Event "31st ECC Women 2015"]
[Site "Skopje MKD"]
[Date "2015.10.19"]
[Round "2.1"]
[Board "3"]
[White "Girya, Olga"]
[Black "Javakhishvili, Lela"]
[Result "1/2-1/2"]
[WhiteTitle "WGM"]
[BlackTitle "IM"]
[WhiteElo "2464"]
[BlackElo "2463"]
[WhiteTeam "SHSM LEGACY SQUARE (RUS)"]
[BlackTeam "NONA (GEO)"]
[WhiteFideId "4195752"]
[BlackFideId "13601458"]
[EventDate "2015.10.18"]

1. d4 Nf6 2. c4 e6 3. Nf3 b6 4. g3 Ba6 5. b3 d5 6. cxd5 exd5 7. Bg2 Bb4+ 8. Bd2
Bd6 9. Nc3 O-O 10. O-O Re8 11. Re1 Bb7 12. Qc2 Na6 13. Rac1 c5 14. Nb5 Bf8 15.
Bf4 Qd7 16. a4 Ne4 17. Red1 Qe6 18. Qb2 h6 19. Be3 g5 20. Nd2 f5 21. Nxe4 dxe4
22. dxc5 bxc5 23. Qd2 Qf6 24. Qc3 Qxc3 25. Rxc3 Red8 26. Rxd8 Rxd8 27. Nxa7 Rd1+
28. Bf1 Bd5 29. f3 Rb1 30. fxe4 fxe4 31. Kf2 Bxb3 32. Bg2 Bd5 33. Rc1 Rb2 34.
Nb5 Nb4 35. Kf1 Nc2 36. Bf2 Bg7 37. Bxc5 Ra2 38. Nc7 Bc6 39. a5 Be5 40. Ne6 Bd5
41. Nd8 Bf6 42. Rd1 Bb3 43. Bxe4 Rxa5 44. Rb1 Rxc5 45. Rxb3 Ne3+ 46. Rxe3 Bxd8
47. Bf3 Kg7 48. Kg2 Bf6 49. Re6 Re5 50. Ra6 Kg6 51. Kf2 Re7 52. Bg4 Kg7 53. Kf3
Bd4 54. Rd6 Re3+ 55. Kg2 Bf6 56. Kf2 Re7 57. Kf3 Ra7 58. Rc6 Ra3+ 59. Kg2 Re3
60. Bh5 Re5 61. Bg4 Re3 62. Rd6 Re7 63. Kf3 Ra7 64. Rd3 Rc7 65. Kf2 Kg6 66. Rd6
Kg7 67. Bf3 Re7 68. Kg2 Kg6 69. Kf1 Kg7 70. Rb6 Kg6 71. Bg4 Kg7 72. Ra6 Kg6 73.
Bf3 Kg7 74. Ra4 Kg6 75. Be4+ Kg7 76. Bf5 h5 77. Kf2 Re5 78. g4 h4 79. Ra6 Re7
80. Kf3 Kf7 81. Be4 Bd4 82. Bd5+ Kg7 83. Be4 Kf7 84. h3 Ra7 85. Bd5+ Kg7 86. Re6
Bf6 87. e3 Re7 88. Ra6 Bc3 89. Rc6 Bd2 90. Be4 Kf7 91. Rc5 Ra7 92. Ke2 Bb4 93.
Rxg5 Ra2+ 94. Kd3 Ra3+ 95. Ke2 Ra2+ 96. Kf1 Ra1+ 97. Kg2 Ra2+ 98. Kf3 Rh2 99.
Bd5+ Ke7 100. Ke4 Rxh3 101. Re5+ Kf8 102. Kf5 Rg3 103. Bc6 Be7 104. Ke6 Ba3 105.
Rf5+ Kg8 106. Rg5+ Kf8 107. e4 h3 108. Bd5 Bc1 109. Rg6 Ra3 110. Rf6+ Kg7 111.
e5 h2 112. Kf5 Ra5 113. Rf7+ Kg8 114. Rc7+ Rxd5 115. Rxc1 Rc5 116. Ra1 Ra5 117.
Rb1 Rb5 118. Re1 Kg7 119. Kf4 Rb4+ 120. Kf5 Rb2 121. Kf4 Rg2 122. Rh1 Kg6 123.
Kf3 Ra2 124. Re1 Ra5 125. Kg2 Ra2+ 126. Kg3 Re2 127. Rh1 Rxe5 128. Rxh2 Ra5 129.
Re2 Ra6 130. Re4 Rb6 1/2-1/2

[Event "31st ECC Women 2015"]
[Site "Skopje MKD"]
[Date "2015.10.19"]
[Round "2.2"]
[Board "2"]
[White "Goryachkina, Aleksandra"]
[Black "Ovod, Evgenija"]
[Result "1-0"]
[WhiteTitle "WGM"]
[BlackTitle "IM"]
[WhiteElo "2480"]
[BlackElo "2328"]
[WhiteTeam "GAMBIT ASSEKO SEE (MKD)"]
[BlackTeam "SPB (RUS)"]
[WhiteFideId "4147103"]
[BlackFideId "4131827"]
[EventDate "2015.10.18"]

1. e4 e5 2. Nf3 Nc6 3. Bb5 Nf6 4. O-O Nxe4 5. d4 Nd6 6. Bxc6 dxc6 7. dxe5 Nf5 8.
Qxd8+ Kxd8 9. h3 Be7 10. Nc3 h6 11. b3 Bd7 12. Bb2 Kc8 13. Rad1 Rd8 14. g4 Nh4
15. Nxh4 Bxh4 16. f4 b6 17. f5 Kb7 18. Rd3 Be8 19. Rfd1 a5 20. Rxd8 Rxd8 21.
Rxd8 Bxd8 22. Ne4 c5 23. f6 gxf6 24. exf6 c4 25. Kf2 cxb3 26. cxb3 Kc6 27. g5 h5
28. h4 Bd7 29. Ng3 Bg4 30. Ba3 Kd7 31. g6 fxg6 32. f7 Be7 33. f8=Q Bxf8 34. Bxf8
c5 35. Ke3 Be6 36. Ne4 a4 37. Bxc5 axb3 38. axb3 Bxb3 39. Bxb6 Ke7 40. Kf4 Bc2
41. Bd4 Kf7 42. Nf6 Ba4 43. Kg5 Bc6 44. Kh6 Ba4 45. Nh7 Bc2 46. Ng5+ Kg8 47. Nf3
Bb1 48. Ne5 Bc2 49. Nxg6 Bb1 50. Nf4 Bc2 51. Nxh5 Bb1 52. Nf6+ Kf7 53. Kg5 Bc2
54. h5 Bb1 55. h6 Bc2 56. Nd5 Bb1 57. Bc3 Bd3 58. Ne3 Bh7 59. Ng4 Bb1 60. Nf6
Bc2 61. h7 Kg7 62. h8=Q+ Kxh8 63. Kh6 Bb1 64. Bb4 1-0

[Event "31st ECC Women 2015"]
[Site "Skopje MKD"]
[Date "2015.10.19"]
[Round "2.2"]
[Board "4"]
[White "Saduakassova, Dinara"]
[Black "Balaian, Alina"]
[Result "1-0"]
[WhiteTitle "WGM"]
[BlackTitle "WIM"]
[WhiteElo "2402"]
[BlackElo "2269"]
[WhiteTeam "GAMBIT ASSEKO SEE (MKD)"]
[BlackTeam "SPB (RUS)"]
[WhiteFideId "13700090"]
[BlackFideId "24115347"]
[EventDate "2015.10.18"]

1. d4 Nf6 2. Nf3 g6 3. c4 Bg7 4. Nc3 d5 5. Qb3 dxc4 6. Qxc4 a6 7. e4 b5 8. Qb3
O-O 9. Be2 Nc6 10. d5 Na5 11. Qb4 c6 12. Bg5 Qc7 13. dxc6 Nxc6 14. Qc5 Nd7 15.
Qe3 Qb6 16. Rc1 Qxe3 17. Bxe3 e6 18. O-O Bb7 19. Rfd1 Rfd8 20. Bg5 f6 21. Be3
Nde5 22. Bb6 Rxd1+ 23. Rxd1 Nxf3+ 24. gxf3 Re8 25. a4 b4 26. Na2 Bf8 27. Nc1 g5
28. Nb3 Ne5 29. Nc5 Bc6 30. a5 f5 31. Nxa6 fxe4 32. fxe4 Bxe4 33. Nc7 Rb8 34.
Nxe6 Nf3+ 35. Bxf3 Bxf3 36. Rd3 g4 37. h3 h5 38. hxg4 hxg4 39. Nxf8 Kxf8 40. Rb3
Ke7 41. Kh2 Ke6 42. Kg3 Kf5 43. Rxb4 Rh8 44. Rf4+ Kg5 45. Rxf3 Rh3+ 46. Kg2 Rxf3
47. a6 Rf8 48. a7 Ra8 49. Kg3 Kf5 50. b4 Ke4 51. Bc5 Kd5 52. Kxg4 Ke4 53. Kg5
Ke5 54. f4+ Ke6 55. f5+ Ke5 56. Kg6 Rg8+ 57. Kf7 Ra8 58. f6 Rc8 59. Ke7 1-0